000 00435nam a2200169Ia 4500
005 20250424120319.0
008 250424s9999 xx 000 0 und d
022 _a25784846
050 _aTN 860.P48/
245 0 _aPetroleum & petrochemical engineering journal
260 _aUnited kingdom
260 _bMedwin Publishers
260 _c2023
300 _a26 p. :ill. ; 29 cm.
650 _aPetroleum international
942 _cSR
999 _c38603
_d38603